000 01272nam0a22002891 4500
001 rc\4578681
005 20250611200506.0
021 _aRU
_bП909-59
035 _a(NLR Aleph) 008377370
090 _a9096052
_c9096052
100 _a20130416d1959 |||y0rusy50 ca
101 0 _arus
102 _aRU
105 _ab z |||||
200 1 _aПеречень некоторых промысловых рыб
_aСтатистика [мирового рынка за 1957 год]
_fСост. Г.В. Мартинсен
_gПод ред. проф. Т.С. Расса
_gВсесоюз. науч.-исслед. ин-т морского рыбного хозяйства и океанографии (ВНИРО). Отд. науч.-техн. информации
210 _aМосква
_cБ. и.
_d1959
215 _a[4], 42, [2], 43-62, 1 л. карт.
_d28
225 1 _aНаучно-техническая информация
_v№ 2
300 _aЛитогр.
300 _aТекст напеч. на одной стороне л.
700 1 _aМартинсен
_bГ.В.
_gГеоргий Владимирович
_4220
702 1 _aРасс
_bТ.С.
_4340
801 0 _aRU
_bNLR
_gpsbo
801 1 _aRU
_bELAR
_2rusmarc
852 _aNLR
_jП14/611
942 _cBOOK
980 _aNB